000 00387nam a2200157Ia 4500
003 Ost
005 20260225132537.0
008 260225s9999||||xx |||||||||||||| ||und||
040 _cfsic
041 _afre
082 _a302.23
100 _aA kibedi vargo/Pierre mardogo
_eAuteur
245 0 _aCommunication,récit,image /
245 2 _cA kibedi vargo/Pierre mardogo
942 _cكتاب
999 _c33291
_d33291